000 00905nam0a22002531 4500
001 rc\127341
005 20260406125602.0
010 _a5-7067-0049-4
_975000
035 _a(NLR Aleph) 005382873
090 _a7119303
_c7119303
100 _a20021216d1995 |||y0rusy50 ca
101 0 _arus
102 _aRU
105 _aa |||||||||
200 1 _aКак ослик счастье искал
_e[По одноимен. мультипликац. фильму
_fАвт. текста Е. Карганова
_gХудож. А. Савченко]
210 _aМ.
_cФламинго
_dБ. г. (1995)
215 _a[16] с.
_cцв. ил.
_d14х22
701 1 _8rus
_7ca
_aКарганова
_bЕ. Г.
_f1922-2017
_gЕкатерина Георгиевна
_3RU\NLR\AUTH\771439
_9111464
801 0 _aRU
_bNLR
_gpsbo
801 1 _aRU
_bELAR
_2rusmarc
852 _aNLR
_j94-6/1302
942 _cBOOK
980 _aNB